La implementacin̤ y los efectos de la normativa de transparencia en los Gobiernos locales de mayor poblacin̤

Bibliographic Details
Main Author: Magre, Jaume
Other Authors: Medir, Llus̕, Pano, Esther, Vallb,̌ Joan Josep, Martn̕ez-Alonso, Jos ̌Lus̕
Format: eBook
Language:Spanish
Published: Madrid: Instituto Nacional de Administracin̤ Pb︢lica (INAP), 2021
Subjects:
Online Access:Acceso restringido

MARC

LEADER 00000nam a22000007a 4500
005 20220307215643.0
007 cr|||| ||||
008 220307s2021 es |||||s|||| 00||0 spa d
020 |a 978-84-7351-730-0 
035 |a 35685 
040 |a vLex 
090 |c 13066  |d 13066 
100 1 |a Magre, Jaume 
245 1 2 |a La implementacin̤ y los efectos de la normativa de transparencia en los Gobiernos locales de mayor poblacin̤  |h [Recurso electrn̤ico] /  |c Jaume Magre, Llus̕ Medir, Esther Pano, Joan Josep Vallb,̌ Jos ̌Lus̕ Martn̕ez-Alonso 
256 |a Servicio en ln̕ea 
260 |a Madrid:  |b Instituto Nacional de Administracin̤ Pb︢lica (INAP),  |c 2021 
300 |a 1 recurso electrn̤ico 
500 |a En contraste con la abundante evidencia cientf̕ica sobre los efectos de la transparencia en las actitudes ciudadanas hacia las instituciones, no existe todava̕ un conocimiento robusto del efecto interno que provoca la puesta en marcha de las normativas de transparencia desde un punto de vista organizativo, especialmente en el m̀bito municipal espaǫl. En otros pas̕es la investigacin̤ apunta a que la aplicacin̤ de criterios de transparencia ha producido cambios en la cultura y prc̀tica organizativas de las Administraciones que, a su vez tienen un impacto en las percepciones del personal de la Administracin̤ sobre la aplicacin̤ de la transparencia. Es posible establecer que la polt̕ica de transparencia implica un cambio notable en al menos dos aspectos: la forma en que se consigue y transforma la propia informacin̤ y el modo en que esta se transmite a los destinatarios finales. Para alcanzar estos dos objetivos, son necesarios cambios y adaptaciones institucionales 
506 1 |a Disponible solo en los productos indicados  |d vLex Global  |d vLex Global (Academic Edition, excluding Law Schools)  |d vLex Global (U.S. Academic Edition, Law Schools)  |d vLex Global (U.S. Academic Edition, excluding Law Schools)  |d vLex Global (Academic Edition, Law Schools) 
650 0 4 |a Derecho Pb︢lico y Administrativo  |z Espaą 
700 1 |a Medir, Llus̕ 
700 1 |a Pano, Esther 
700 1 |a Vallb,̌ Joan Josep 
700 1 |a Martn̕ez-Alonso, Jos ̌Lus̕ 
740 0 |a vLex Libros (Servicio en ln̕ea) 
856 4 0 |u https://app.vlex.com/#/sources/35685  |z Acceso restringido 
942 |c BOOK 
999 0 |a Public and Administrative Law